=LDR 00000nam 2200000 4500 =001 INLIS000000000022359 =005 20130612121126 =008 ***********************************Ind** =035 ##$$0010-061300000022359 =041 ##$$a Ind =082 ##$$a 364.132 3 =090 ##$$a 364.132 3, Kli m =100 ##$$a Klitgaard, Robert =245 ##$$a Membasmi korupsi, Robert Klitgaard =260 ##$$a 2005 $b Jakarta =300 ##$$a xxviii, 296 hlm, ilus, 21 cm =650 ##$$a Korupsi =850 ##$$a NBPNMAT =990 ##$$a 0001/BPAP-NTB/20142015 =990 ##$$a 0001/BPAP-NTB/20142015